000 00566nam a2200181 i 4500
001 36927
003 ES-MaACL
005 20251015063050.0
007 t|
008 030219s1936 fr ||||1| fre d
100 1 _aBrowning, Robert,
_d1812-1889
_932036
245 1 0 _aPippa
_b: (pippa passes) /
_cR. Browning ; traduit et preface par Paul de Reul.
260 _aParis :
_bFernand Aubier,
_c1936 (
_eSaint Amand :
_fR. BussiƩre)
300 _a139 p. ;
_c19 cm.
700 1 _aReul, Paul de.
_996374
852 _aES-MaACL
_jA-4268
999 _c36927
_d36927